| Tag |
First Indicator |
Second Indicator |
Subfields |
| LEADER |
00000cam a2200000 4500 |
| 001 |
in00000041319 |
| 005 |
20190207093412.0 |
| 008 |
770127r19621892txu 00000 eng d |
| 035 |
|
|
|a (OCoLC)02706310
|
| 035 |
|
|
|9 AAE8081AM
|
| 040 |
|
|
|a TXN
|c TXN
|d TXA
|d UtOrBLW
|
| 049 |
|
|
|a TXAM
|
| 090 |
|
|
|a E580.6.P3
|b P3 1892a
|
| 092 |
|
|
|a 973.742
|b P
|
| 110 |
2 |
|
|a Parsons' Texas Cavalry Brigade Association.
|
| 245 |
1 |
2 |
|a A brief and condensed history of Parson's Texas Cavalry Brigade, composed of Twelfth, Nineteenth, Twenty-first, Morgan's Battalion, and Pratt's Battery of Artillery of the Confederate States :
|b together with roster of the several commands as far as obtainable--some historical sketches, general orders and a memoranda of Parsons' Brigade Association.
|
| 264 |
|
1 |
|a Waco, Texas :
|b W.M. Morrison,
|c 1962.
|
| 300 |
|
|
|a 96 pages ;
|c 28 cm.
|
| 336 |
|
|
|a text
|b txt
|2 rdacontent
|
| 337 |
|
|
|a unmediated
|b n
|2 rdamedia
|
| 338 |
|
|
|a volume
|b nc
|2 rdacarrier
|
| 500 |
|
|
|a The Cushing Library/Chapman Texas Collection copy is part of the Floyd & Louise Chapman Texas & Borderlands Collection.
|5 TXA
|
| 500 |
|
|
|a Reprint of 1892 edition.
|
| 500 |
|
|
|a "Only 100 copies were run... Five were bound in full leather and 95 in blue cloth."
|
| 500 |
|
|
|a Cushing Library has copy number5 (bound in leather), number11, and number17.
|
| 600 |
1 |
0 |
|a Parsons, William H.
|
| 610 |
2 |
0 |
|a Texas Cavalry.
|b Parsons' Brigade, 1861-1865.
|
| 651 |
|
0 |
|a United States
|x History
|y Civil War, 1861-1865
|x Regimental histories
|x Texas Cavalry
|x Parsons' Brigade.
|
| 999 |
|
|
|a MARS
|
| 999 |
f |
f |
|s 9ee037dc-3924-3f04-936c-3368906eb8a8
|i 57ce2568-f6e1-3660-be27-4c1597ff011e
|t 0
|
| 952 |
f |
f |
|p noncirc
|a Texas A&M University
|b College Station
|c Cushing Memorial Library & Archives
|d Cushing: Chapman Texas Collection (Does not check out)
|t 0
|e E580.6.P3 P3 1962
|h Library of Congress classification
|i unmediated -- volume
|
| 952 |
f |
f |
|p noncirc
|a Texas A&M University
|b College Station
|c Cushing Memorial Library & Archives
|d Cushing: Chapman Texas Collection (Does not check out)
|t 0
|e E580.6.P3 P3 1962
|h Library of Congress classification
|i unmediated -- volume
|
| 952 |
f |
f |
|p ric
|a Texas A&M University
|b Rellis Campus
|c Joint Library Facility
|d Remote Storage
|t 0
|e E580.6.P3 P3 1892a
|h Library of Congress classification
|i unmediated -- volume
|m A14802234068
|
| 952 |
f |
f |
|p noncirc
|a Texas A&M University
|b College Station
|c Cushing Memorial Library & Archives
|d Cushing: Chapman Texas Collection (Does not check out)
|t 0
|e E580.6.P3 P3 1962
|h Library of Congress classification
|i unmediated -- volume
|
| 998 |
f |
f |
|a E580.6.P3 P3 1962
|t 0
|l Cushing: Chapman Texas Collection (Does not check out)
|
| 998 |
f |
f |
|a E580.6.P3 P3 1892a
|t 0
|l Remote Storage
|
| 998 |
f |
f |
|a E580.6.P3 P3 1962
|t 0
|l Cushing: Chapman Texas Collection (Does not check out)
|
| 998 |
f |
f |
|a E580.6.P3 P3 1962
|t 0
|l Cushing: Chapman Texas Collection (Does not check out)
|